| 000 | 00868cab a2200277 4500 | ||
|---|---|---|---|
| 001 | ABS59133 | ||
| 008 | 090401t1998 xxu||||| |||| 00| 0 eng d | ||
| 035 | _a(Sirsi) u88384 | ||
| 041 | _aeng | ||
| 100 | _aAlderson, F. | ||
| 245 | _aHow to cut your losses | ||
| 260 | _c1998 | ||
| 350 | _a0 | ||
| 490 |
_aConstruction News _v(6580) 27 August 1998, 19(1) |
||
| 520 | _aDiscusses the guidance on the definition of `consequential loss` provided by the CA in the case of "British Sugar plc v NEI Power Projects Ltd". | ||
| 650 | _aBREACH OF CONTRACT | ||
| 650 | _aBRITISH SUGAR PLC V NEI POWER PLANT PROJECTS LTD | ||
| 650 | _aCONSEQUENTIAL LOSS | ||
| 650 | _aEXCLUSION | ||
| 650 | _aHADLEY V BAXENDALE | ||
| 650 | _aLIABILITY | ||
| 650 | _aSPECIAL LOSSES | ||
| 690 | _aBUILT ENVIRONMENT-BUILDING CONTRACT FORMS | ||
| 942 | _n0 | ||
| 948 | _c09/09/1998 | ||
| 999 |
_c55824 _d55824 |
||